Statistics for 2004 NBA Draft

Click here to take the quiz!

General Stats

  • This quiz has been taken 21 times
  • The average score is 8 of 29

Answer Stats

Draft PickTeamAnswer% Correct
1Orlando MagicDwight Howard
100%
2Charlotte BobcatsEmeka Okafor
65%
17Atlanta HawksJosh Smith
55%
18New Orleans HornetsJ.R. Smith
55%
9Philadelphia 76ersAndre Iguodala
45%
15Boston CelticsAl Jefferson
40%
7Phoenix SunsLuol Deng
35%
3Chicago BullsBen Gordon
30%
10Cleveland CavaliersLuke Jackson
30%
4Los Angeles ClippersShaun Livingston
30%
11Golden State WarriorsAndris Biedrins
25%
24Boston CelticsDelonte West
25%
5Washington WizardsDevin Harris
25%
20Denver NuggetsJameer Nelson
25%
6Atlanta HawksJosh Childress
25%
12Seattle SupersonicsRobert Swift
25%
13Portland Trail BlazersSebastian Telfair
25%
25Boston CelticsTony Allen
25%
27Los Angeles LakersSasha Vujacic
20%
29Indiana PacersDavid Harrison
15%
19Miami HeatDorell Wright
15%
26Sacramento KingsKevin Martin
15%
16Utah JazzKirk Snyder
15%
8Toronto RaptorsRafael Araujo
15%
14Utah JazzKris Humphries
10%
23Portland Trail BlazersSergei Monia
5%
22New Jersey NetsViktor Khryapa
5%
28San Antonio SpursBeno Udrih
0%
21Utah JazzPavel Podkolzin
0%

Score Distribution

Percentile by Number Answered

Percent of People with Each Score

Your Score History

You have not taken this quiz